Lecciones orales sobre las frenopatías, o Tratado teórico y práctico de las enfermedades mentales (Record no. 115497)
[ view plain ]
| 000 -LEADER | |
|---|---|
| campo de control de longitud fija | 01371nam a2200277 i 4500 |
| 001 - NÚMERO DE CONTROL | |
| campo de control | 115497 |
| 003 - IDENTIFICADOR DE NÚMERO DE CONTROL | |
| campo de control | ES-MaACL |
| 005 - FECHA Y HORA DE LA ÚLTIMA TRANSACCIÓN | |
| campo de control | 20250806070426.0 |
| 007 - CAMPO FIJO DE DESCRIPCIÓN FÍSICA--INFORMACIÓN GENERAL | |
| campo de control de longitud fija | t| |
| 008 - DATOS DE LONGITUD FIJA--INFORMACIÓN GENERAL | |
| campo de control de longitud fija | 070312m18811882sp |||| | spa d |
| 100 1# - ENTRADA PRINCIPAL--NOMBRE DE PERSONA | |
| Nombre de persona | Guislain, Joseph. |
| 9 (RLIN) | 60903 |
| 245 10 - MENCIÓN DEL TÍTULO | |
| Título | Lecciones orales sobre las frenopatías, o Tratado teórico y práctico de las enfermedades mentales |
| Resto del título | : curso dado en la clínica de los establecimientos de enagenados de Gante / |
| Mención de responsabilidad, etc. | por J. Guislain ; versión española de M. Carreras Sanchis y J. Torres Fabregat ; con un prólogo de José Esquerdo y Zaragoza y una carta dirigida a dicho señor sobre los conflictos entre la frenopatía y el Código por Ángel Pulido Fernández. |
| 246 30 - FORMA VARIANTE DEL TITULO | |
| Título propio/Titulo breve | Tratado teórico y práctico de las enfermedades mentales |
| 260 ## - PUBLICACIÓN, DISTRIBUCIÓN, ETC. | |
| Lugar de publicación, distribución, etc. | Madrid : |
| Nombre del editor, distribuidor, etc. | [s. n.], |
| Fecha de publicación, distribución, etc. | 1881-1882 ( |
| Fabricante | Imp. de Enrique Teodoro) |
| 300 ## - DESCRIPCIÓN FÍSICA | |
| Extensión | 2 v. ; |
| Dimensiones | 23 cm. |
| 490 1# - MENCIÓN DE SERIE | |
| Mención de serie | Biblioteca económica de medicina y cirujía |
| 650 #7 - PUNTO DE ACCESO ADICIONAL DE MATERIA--TÉRMINO DE MATERIA | |
| Término de materia o nombre geográfico como elemento de entrada | Enfermedades mentales |
| Fuente del encabezamiento o término | embne |
| 9 (RLIN) | 12263 |
| 650 #4 - PUNTO DE ACCESO ADICIONAL DE MATERIA--TÉRMINO DE MATERIA | |
| Término de materia o nombre geográfico como elemento de entrada | Psicosis. |
| 9 (RLIN) | 146480 |
| 700 1# - ENTRADA AGREGADA--NOMBRE PERSONAL | |
| Nombre de persona | Carreras Sanchís, Manuel. |
| 9 (RLIN) | 35680 |
| 700 1# - ENTRADA AGREGADA--NOMBRE PERSONAL | |
| Nombre de persona | Torres Fabregat, Joaquín. |
| 9 (RLIN) | 110955 |
| 700 1# - ENTRADA AGREGADA--NOMBRE PERSONAL | |
| Nombre de persona | Pulido, Ángel, |
| Fechas asociadas al nombre | 1852-1932 |
| 9 (RLIN) | 149324 |
| 700 1# - ENTRADA AGREGADA--NOMBRE PERSONAL | |
| Nombre de persona | Esquerdo, José María ( |
| Fechas asociadas al nombre | 1842-1912) |
| 9 (RLIN) | 152584 |
| 830 0# - PUNTO DE ACCESO ADICIONAL DE SERIE-TÍTULO UNIFORME | |
| Título uniforme | Biblioteca económica de medicina y cirujía |
| 9 (RLIN) | 186248 |
| 852 ## - LOCALIZACIÓN | |
| Ubicación | ES-MaACL |
| Número de control de estantería | B-12707-08 |
| Estatus retirado | Estado de pérdida | Estado de daño | No para préstamo | Colección | Biblioteca de origen | Biblioteca actual | Ubicación en estantería | Fecha de adquisición | Fuente de adquisición | Total de préstamos | Signatura topográfica completa | Código de barras | Visto por última vez | Precio de reemplazo | Tipo de ítem Koha |
|---|---|---|---|---|---|---|---|---|---|---|---|---|---|---|---|
| Libros del s. XIX | Biblioteca del Ateneo de Madrid | Biblioteca del Ateneo de Madrid | Sala Pardo Bazán | 17/01/2008 | B-12707-08 | 1120426 | 23/02/2023 | 23/02/2023 | Libro impreso antiguo |
